| 000 | 00703nam a2200217Ia 4500 | ||
|---|---|---|---|
| 003 | GCL | ||
| 008 | 140319s9999 xx 000 0 ara d | ||
| 040 |
_aGCL / _cGCL |
||
| 082 | 0 | 4 |
_a962.42 _bع ا |
| 100 | 1 | _aعبدالوادود ابراهيم شلبى | |
| 245 | 1 | 0 |
_aالاصول الفكرية لحركة المهدى السودانى ودعوتة / _cعبدالوادود ابراهيم شلبى |
| 260 |
_a[S.N] : _bدار المعارف |
||
| 300 | _a272 | ||
| 490 | _a | ||
| 650 | 0 | 4 | _aالعصر الحديث |
| 650 | 0 | 4 | _aتاريخ |
| 650 | 0 | 4 | _aالسودان |
| 650 | 0 | 4 | _aالثورة المهدية ( 1899-1882 ) |
| 650 | 0 | 4 | _aالاسلام والسياسة |
| 942 |
_2ddc _cBK |
||
| 999 |
_c31579 _d31579 |
||